000
00245nam a2200097Ia 4500
001
734257
005
20250826163830.0
008
250824s9999 xx 000 0 und d
245
0
_a
EYFELİ KİM YEDİ
_c
ÖZLEM SÖZBİLİR
260
_b
TUDEM YAYINLARI
999
_c
734257
_d
734257